Gottesglaube und seelische gesundheit
Gorde:
| Egile nagusia: | |
|---|---|
| Formatua: | Liburua |
| Hizkuntza: | alemana |
| Argitaratua: |
Wurzburgo
Echter Verlag
1962
|
| Gaiak: | |
| Etiketak: |
Etiketa erantsi
Etiketarik gabe, Izan zaitez lehena erregistro honi etiketa jartzen!
|
MARC
| LEADER | 00000nam a2200000 a 4500 | ||
|---|---|---|---|
| 001 | UCI2644 | ||
| 003 | CL-VaPUC | ||
| 008 | 070831e19620000GW |||||||||||||||||ger|d | ||
| 082 | 0 | 4 | |a 230 |b SIE |2 21 |
| 100 | 0 | |a Siegmund, Georg |e author |9 523710 | |
| 245 | 1 | 0 | |a Gottesglaube und seelische gesundheit |
| 300 | |a 231 p | ||
| 942 | |c BK | ||
| 945 | |d 20070831 00:00:00 |a jtorresc | ||
| 260 | |a Wurzburgo |b Echter Verlag |c 1962 | ||
| 650 | 7 | |a TEOLOGIA CRISTINA |2 CL-VaPUC |9 523711 | |
| 650 | 0 | |a Cristianismo |9 257361 | |
| 650 | 0 | |a Iglesia Católica |9 256114 | |
| 650 | 0 | |a Sacramentos |9 257270 | |
| 650 | 0 | |a Valores sociales |9 309627 | |
| 583 | |a last modification |c 20070831 00:00:00 |k Rodrigo Vera | ||
| 999 | |c 327126 |d 327124 | ||
| 952 | |0 0 |1 2 |4 0 |6 230_000000000000000_SIE_1962 |7 0 |8 A |9 409584 |a BIBTEO |b BIBTEO |d 2019-11-22 |i 4368363 |o 230 SIE 1962 |p 4368363 |r 2019-11-22 |w 2019-11-22 |x Descarte 2019 |y BK |k ICR | ||